000
00200 a2200097 4500
001
17829
100
_a
Bowker
245
_a
Book in print 1972 (Vol-I)
260
_a
_b
Bowker
_c
090
_c
13178
_d
13178
942
_a
NUST-CAE
_c
M
_c
3534
999
_c
252902
_d
252902